000 00921nas a2200325 4500
001 BR0400643
003 BR-BrBNA
005 20231205104321.0
007 ta
008 230509b bl.|||p| |||| 00| 00por d
040 _aBR-BrBNA
_bpor
_cBiblioteca Nacional de Agricultura
041 _a(En)
072 _aF61
100 1 _aMarino, C.L.
100 1 _aLeite, S.M.M.
100 1 _aFarro, A.P.C.
100 1 _aSassaki, F.T.
100 1 _aCampos, H.L.V. de
100 1 _aCoscrato, V.E.
245 1 _aPutative metabolic pathway of mannitol and sorbitol in sugarcane
650 _aCANA DE AÇÚCAR
650 _aBORO
650 _aENZIMA
650 _aMICROELEMENTO
650 _aFRUTOSE
650 _aTRANSPORTE DE NUTRIENTE
773 0 _tScientia Agrícola (Brazil)
_xISSN 0103-9016
_g(Oct-Dec 2003), v. 60(4) p. 723-728
_wBR0400643
909 _a202311
_bLúcia
_c55
_dLúcia Elande
942 _2AGRIS
_n0
_cANA
999 _c177521
_d177521